01652nam a2200301 a 4500001001000000005001700010008004100027041000800068044000800076084002000084100004500104245011000149260002800259300002200287500016800309500024600477500023100723500004200954500001000996546002401006650005201030650005601082650003401138650004501172700003401217700004901251740005001300BRCA_320520190320204149.0200209s1749----enka---###---#000-0deng-u aeng aenk a507b.I56c17491 aCervantes Saavedra, Miguel ded1547-161610aThe History of the Renowned Don Quixote de la ManchacWritten in Spanish by Miguel de Cervantes Saavedra. aLondresbW. Innysc1749 a4 v.bil.c14 cm. aContenido : v 1. Primera parte. Noticia sobre el autor. Prólogo del autor. Texto. -- v 2. Texto. -- v 3. Segunda parte. Prólogo del autor. Texto. -- v 4. Texto aEdición : Traslated by Several Hands and Published by late Mr. Motteux. Adorn´d with New Sculptures. The Eight Edition Revist a new, and Corrected rectify´d and Fill´d up, in Numberless Places, from the best Spanish Edition by Mr. Ozell aReproducción de la traducción de Motteux, publicada en 1725, por J. Knapton. Está adornada con las láminas de Vanderbank y Coypel. Impresión con tipos pequeños. Lomos y planos adornados con dorados Lúdovik Osterc aCon ex-libris de : Rob Shafto Benwell aQM411 aTexto en : inglés14aNovela españolayÉpoca clásica, 1500-170014aLiteratura españolayÉpoca clásica, 1500-170014aNovela españolaySiglo XVII14aDon Quijote (Personaje ficticio)eNovela1 aOzell, Johnd?-1743eAnotador1 aMotteux, Peter Anthonyd1663-1718eTraductor0 aEl Ingenioso Hidalgo Don Quijote de la Mancha